Т. 10 (1): Лонгчен Рабджам - Марокко; Новая Российская энциклопедия

Λεπτομέρειες βιβλιογραφικής εγγραφής
Parent link:Новая Российская энциклопедия/ гл. ред. А. Д. Некипелова. Т. 10 (1): Лонгчен Рабджам - Марокко.— , 2003-.— 5-94802-001-0
Περίληψη:Новая Российская энциклопедия (НРЭ) — фундаментальное универсальное спра-вочно-информационное издание, представляющее читателям картину мира, отражающую современное состояние научного знания. Алфавитную часть энциклопедии открывает второй том. Всего в энциклопедии будет опубликовано св. 60 тыс. статей, в т.ч. ок. 30 тыс. биографий, более 10 тыс. иллюстраций, карт, диаграмм, схем и таблиц. Новая Российская энциклопедия ориентирована на широкие круги читателей: от школьников и студентов до специалистов по различным отраслям знаний, деятелей культуры, политиков, предпринимателей.
Γλώσσα:Ρωσικά
Έκδοση: 2012
Θέματα:
Μορφή: Βιβλίο
KOHA link:https://koha.lib.tpu.ru/cgi-bin/koha/opac-detail.pl?biblionumber=216462

MARC

LEADER 00000nam2a2200000 4500
001 216462
005 20231101230037.0
010 |a 9785948020457 
010 |a 978-5-16-005233-5 
035 |a (RuTPU)RU\TPU\book\236434 
090 |a 216462 
100 |a 20120524d2012 km y0rusy50 ca 
101 0 |a rus 
102 |a RU 
105 |a a f 001zy 
200 0 |a Т. 10 (1): Лонгчен Рабджам - Марокко 
210 |d 2012 
215 |a 479 с.  |c ил. 
320 |a Основные сокращения: с. 478-479. 
330 |a Новая Российская энциклопедия (НРЭ) — фундаментальное универсальное спра-вочно-информационное издание, представляющее читателям картину мира, отражающую современное состояние научного знания. Алфавитную часть энциклопедии открывает второй том. Всего в энциклопедии будет опубликовано св. 60 тыс. статей, в т.ч. ок. 30 тыс. биографий, более 10 тыс. иллюстраций, карт, диаграмм, схем и таблиц. Новая Российская энциклопедия ориентирована на широкие круги читателей: от школьников и студентов до специалистов по различным отраслям знаний, деятелей культуры, политиков, предпринимателей. 
461 1 |0 (RuTPU)RU\TPU\book\60725  |y 5-94802-001-0  |y 5-16-002383-6  |t Новая Российская энциклопедия  |f гл. ред. А. Д. Некипелова  |v Т. 10 (1): Лонгчен Рабджам - Марокко  |d 2003-  
606 1 |a Энциклопедии  |2 stltpush  |3 (RuTPU)RU\TPU\subj\21381  |9 46387 
610 1 |a персоналии 
610 1 |a понятия 
610 1 |a термины 
610 1 |a справочные издания 
686 |a Я20  |v LBC/SL-A  |2 rubbk 
801 1 |a RU  |b 63413507  |c 20120524 
801 2 |a RU  |b 63413507  |c 20190603  |g RCR 
942 |c BK 
959 |a 82/20120524  |d 1  |e 1200,00  |f ЧЗГЛ:1 
959 |a 149/20121107  |d 1  |e 1200,00  |f ЧЗЭР:1